Quizzes
Events
Quiz Creation
Community
Videos
Private Events
Remove Ads
Sign In
Join for FREE
Feedback
Dark Mode
Quiz Categories
Sports
Geography
Music
Movies
Television
Just For Fun
Miscellaneous
History
Literature
Language
Science
Gaming
Entertainment
Religion
Holiday
For Kids
Quiz Lab
Recent
Popular Today
Quiz Kudos Today
Editor Picks
Curator Picks
Quizzes by...
Day
Popularity
Type
Ratings
Length
Year
Community
Subscriptions
Recent Discussions
Orange Saloon
Badges
Playlists
Quests
Create
Leaderboards
Showdown
Live 5
Trivia Bingo
Activity
Puzzle Library
Sporcle Events
Private Events
Virtual Trivia
Globe League
Become a Host
Pub Owners
SporcleCon
Opinionation
Our Games
Videos
Blog
Mobile Apps
Partnerships
Remove Ads and Go Orange
Feedback
Geography
Country
Landmarks
City
State
Population
World
Capital
Continent
Flags
Europe
Africa
Asia
South America
North America
Oceania
Border
Canada
United Kingdom
Topography
United States
Geography
Country
Landmarks
City
State
Population
World
Capital
Continent
Flags
Europe
Africa
Asia
South America
North America
Oceania
Border
Canada
United Kingdom
Topography
United States
Random Quiz
Search Sporcle
×
Quiz Lab
Quiz Lab
Geography
World
Type in answers that appear in a list
Type in answers that appear in a list
Classic
Best Score? Go Orange.
Countries That Recognize Palestine Minefield Stats
Can you name the countries that recognize Palestine while avoiding the ones that don't?
By
Zant
10m
144 Questions
62 Plays
62 Plays
62 Plays
Comments
Comments
Give Quiz Kudos
Give Quiz Kudos
-
- Ratings
hide this ad
More Info
Minefield
Wrong answers will end the quiz
Wrong answers will end the quiz
Wrong Answers
Some wrong answers will appear in red
Some wrong answers will appear in red
Replay
Link that replays current quiz
Next Quiz
Link to next quiz in quiz playlist
You Got
0%
They Got
Avg Score
32%
Avg Friend Score
Upgrade to see
Score Distribution
Jump to the score distribution portion of the page
Score
0/144
Timer
10:00
0
Plays Today
Country
% Correct
???
59.7%
???
58.1%
???
54.8%
???
51.6%
???
51.6%
???
51.6%
???
51.6%
???
50%
???
50%
???
48.4%
???
48.4%
???
48.4%
???
48.4%
???
48.4%
???
46.8%
???
46.8%
???
45.2%
???
45.2%
???
45.2%
???
45.2%
???
45.2%
???
45.2%
???
43.5%
???
43.5%
???
43.5%
???
41.9%
???
41.9%
???
41.9%
???
41.9%
???
40.3%
???
40.3%
???
40.3%
???
40.3%
???
40.3%
???
40.3%
???
38.7%
???
38.7%
???
38.7%
???
38.7%
???
38.7%
???
37.1%
???
37.1%
???
37.1%
???
37.1%
???
37.1%
???
37.1%
???
37.1%
???
37.1%
Country
% Correct
???
37.1%
???
37.1%
???
37.1%
???
37.1%
???
37.1%
???
37.1%
???
35.5%
???
35.5%
???
35.5%
???
35.5%
???
35.5%
???
35.5%
???
35.5%
???
35.5%
???
35.5%
???
33.9%
???
33.9%
???
33.9%
???
33.9%
???
33.9%
???
33.9%
???
32.3%
???
32.3%
???
32.3%
???
32.3%
???
32.3%
???
32.3%
???
32.3%
???
30.6%
???
30.6%
???
30.6%
???
30.6%
???
30.6%
???
30.6%
???
30.6%
???
30.6%
???
30.6%
???
30.6%
???
30.6%
???
29%
???
29%
???
29%
???
29%
???
29%
???
29%
???
27.4%
???
27.4%
???
27.4%
Country
% Correct
???
27.4%
???
27.4%
???
27.4%
???
27.4%
???
27.4%
???
27.4%
???
27.4%
???
25.8%
???
25.8%
???
25.8%
???
25.8%
???
25.8%
???
25.8%
???
25.8%
???
24.2%
???
24.2%
???
24.2%
???
24.2%
???
24.2%
???
24.2%
???
22.6%
???
22.6%
???
22.6%
???
22.6%
???
22.6%
???
21%
???
21%
???
21%
???
21%
???
19.4%
???
19.4%
???
19.4%
???
19.4%
???
19.4%
???
19.4%
???
17.7%
???
17.7%
???
17.7%
???
16.1%
???
16.1%
???
16.1%
???
16.1%
???
16.1%
???
16.1%
???
16.1%
???
8.1%
???
6.5%
???
6.5%
Quiz Playlist
Details
Report
Send in Message
Add To Playlist
More Info:
Palestine itself doesn't count.
Classic:
Type in answers that appear in a list
Minefield:
Wrong answers will end the quiz
Wrong Answers:
Some wrong answers will appear in red
Last Updated: Sep 6, 2017
Quiz Scoreboard
CHALLENGE
Sign Up to Join the Scoreboard
Show All
Scores
Hide
Comments
May contain spoilers
Recently Published
Movies - When Are They Set?
by FPL_Elf
Movies
5m
Popular People in 1961
by mucciniale
History
6m
1-10 Letter E Words III
by El_Dandy
Language
2m
More to Explore
Quiz From the Vault
Featured Blog Post
Where Did the Easter Bunny Come From?
hide this ad
You Might Also Like...
Tags
Country Quiz
Politics Quiz
World Quiz
recognition
Today's Top Quizzes in Geography
Browse Geography
hide this ad
Today's Top Quizzes in World
Browse World
Top Contributed Quizzes in Geography
1
Countries of the World - No Outlines Minefield
2
Top 25 Cities of France on a map
3
Closest Countries to UK A-Z
4
One Thing in Common: United Kingdom
5
Any capital of a 'B' country per Continent
6
Blind Secret Country CLXXXVIII
7
African Flag Reveal XLV
8
Blind Ultimate Minefield: USA
9
Find the US States - No Outlines
10
One Thing in Common: Asia
Explore More
Trending Topics
NBA
Crossword
Disney
Harry Potter
Kpop
Marvel
Anime
WWE
The Office
Song
Soccer
Pokémon
Country
NFL
Puzzle
hide this ad
More By:
Zant
Quiz
Plays
Rating
Category
Featured
Created
Doki Doki Literature Club Characters
6,023
4.93
Gaming
Nov 7, 2017
Doki Doki Literature Club-''Your Reality'' Lyrics
4,859
5.00
Gaming
Nov 7, 2017
Countries That Recognize Somaliland Minefield
3,242
5.00
Geography
Sep 6, 2017
Zelda: Ganon Final Boss Minefield
1,705
5.00
Gaming
Aug 12, 2017
Größte Länder der Welt pro Buchstabe
935
5.00
Geography
Feb 5, 2020
Go to Creator's Profile
Score Distribution
Quiz Creator Spotlight
Zant
Follow
Send a Message
Quizzes Created
-
Created Quiz Play Count
-
More By This Creator
Popular Quizzes Today
1
Find the Countries of Europe - No Outlines Minefield
2
Find the US States - No Outlines Minefield
3
The Countries of the World
4
Popular People in 1961
5
US States
6
1-10 Letter E Words III
7
Find the US States
8
One Thing in Common: World Cities II
More Geography Quizzes
Erase Asia by Capital (A-Z)
Published
Trending Quizzes
Risky Map Clicking: Least Populous States A-Z
1-10 Letter F Words
1-10 Letter G Words
One Thing in Common: United Kingdom
Risky Map Clicking: Next State Alphabetically
Recently Updated
Leaping Animals
pecheneg
Reality TV Shows (A-Z)
bhenderson79
Rickey Henderson's Hall of Fame Teammates
pecheneg
Champions League XIs: Arsenal
pecheneg
Quick Pick: Celebrities in WWE's Hall of Fame
aduchscher
A-Z Keypad Blitz II
pecheneg
Multiple Oscar Actors
pecheneg
Mystery Phrase Blitz: Oscar 'Best Actors'
pecheneg
F. Scott Fitzgerald Novels
LTH
Pick 3 Villains
ddd62291
Trending Topics
Disney
Kpop
NBA
Harry Potter
Marvel
Anime
Crossword
Pokémon
Country
Soccer
NFL
The Office
WWE
Song
Puzzle
Your Account Isn't Verified!
In order to create a playlist on Sporcle, you need to verify the email address you used during registration. Go to your
Sporcle Settings
to finish the process.
Report this User
Report this user for behavior that violates our
Community Guidelines
.
Details:
Send Report
Go to the Sporcle.com Mobile Site →
Comments